Sports Quiz

Random Sports or Blitz Quiz

NFL or NBA? Blitz Quiz Stats

 Plays Quiz not verified by Sporcle

Score 0/35 Timer 01:00
0 Plays Today
Player Sport % Correct
????
97.5%
????
95.6%
????
95.2%
????
92.1%
????
91.8%
????
88.1%
????
86.9%
????
86.3%
????
83.2%
????
82.8%
????
79.2%
????
78.4%
????
77.8%
????
77.3%
????
75.9%
????
74.7%
????
72.9%
????
69.3%
Player Sport % Correct
????
68.9%
????
68.5%
????
67%
????
66.7%
????
65.9%
????
64.9%
????
56.7%
????
53.1%
????
50%
????
49.4%
????
47.1%
????
46.1%
????
41.6%
????
40%
????
39.1%
????
37.1%
????
35.4%

You're not logged in!

Compare scores with friends on all Sporcle quizzes.
OR
Log In

Show Comments

Extras

Top Quizzes Today


Score Distribution

Your Account Isn't Verified!

In order to create a playlist on Sporcle, you need to verify the email address you used during registration. Go to your Sporcle Settings to finish the process.

Report this User

Report this user for behavior that violates our Community Guidelines.

Details: